Lập trình bằng ngôn ngữ Assembly cho máy tính PC-IBM /

Cuốn giáo trình "Lập trình bằng ngôn ngữ Assembly cho máy tính PC-IBM" được viết trên cơ sở chương trình của môn học "Vi xử lý và ngôn ngữ Assembly" nhằm giúp cho bạn đọc là thầy giáo và sinh viên ngành Điện tử-Tin học và các ngành khác......

Descripción completa

Guardado en:
Detalles Bibliográficos
Autor principal: Nguyễn Mạnh Giang, PTS.
Formato: Libro
Lenguaje:Vietnamese
Publicado: Hà Nội : Giáo dục, 2000.
Materias:
Etiquetas: Agregar Etiqueta
Sin Etiquetas, Sea el primero en etiquetar este registro!
Thư viện lưu trữ: Mạng thư viện Đại học Đà Nẵng
LEADER 01577cam a2200409 i 4500
001 000042901
003 776
005 20030916090936.0
008 010217b2000 vm 000 vie
020 |c 29700 
022 |a T 
040 |a IRC  |c IRC  |d IRC 
041 0 |a vie 
082 1 4 |a 005.265  |b NG-G 
100 1 |a Nguyễn Mạnh Giang,  |c PTS. 
245 0 0 |a Lập trình bằng ngôn ngữ Assembly cho máy tính PC-IBM /  |c Nguyễn Mạnh Giang. 
260 |a Hà Nội :  |b Giáo dục,  |c 2000. 
300 |a 323tr. ;  |c 22cm. 
520 3 |a Cuốn giáo trình "Lập trình bằng ngôn ngữ Assembly cho máy tính PC-IBM" được viết trên cơ sở chương trình của môn học "Vi xử lý và ngôn ngữ Assembly" nhằm giúp cho bạn đọc là thầy giáo và sinh viên ngành Điện tử-Tin học và các ngành khác... 
630 0 4 |a Tin học. 
630 0 4 |a Assembly. 
630 0 4 |a Máy tính PC-IBM. 
630 0 4 |a Computer program language. 
650 0 4 |a Assembly (Ngôn ngữ lập trình máy tính) 
650 0 4 |a IBM-PC (Máy tính) 
OWN |a DUT 
AVA |a UDN50  |b DUT  |c Book  |d 005.265 NG-G  |e available  |t Error 5001 Not defined in file expand_doc_bib_avail.  |f 1  |g 0  |h N  |i 0  |j SH  |k 1 
999 |a From the UDN01 
AVA |a UDN50  |b DUT  |c Book  |d 005.265 NG-G  |e available  |t Error 5001 Not defined in file expand_doc_bib_avail.  |f 1  |g 0  |h N  |i 0  |j SH  |k 1 
TYP |a Monograph 
TYP |a Printed language 
980 |a Mạng thư viện Đại học Đà Nẵng